000 00919nas a2200277 4500
001 BR8301767
003 BR-BrBNA
005 20231205085522.0
007 ta
008 230509b bl.|||p| |||| 00| 00por d
040 _aBR-BrBNA
_bpor
_cBiblioteca Nacional de Agricultura
041 _a(Pt)
072 _aF00
100 1 _aCartini, E.A. (ed.)
100 1 _aMatos, F.J. de A.
100 1 _aRizzini, C.T.
100 1 _aOliveira, A.B. de
245 1 _aEfeitos psicotropicos de plantas brasileiras; pt. 1: aspectos antropologicos; pt. 2: aspectos botanicos; pt. 3: aspectos quimicos; pt. 4: aspectos farmacologicos
650 _aPLANTA PRODUTORA DE DROGA
650 _aBOTANICA
650 _aANALISE QUIMICA
650 _aMEDICAMENTO
773 0 _tCiencia e Cultura (Brazil)
_xISSN 0009-6725
_g(Apr 1983), v. 35(4) p. 432-450
_wBR8301767
909 _a202311
_bLúcia
_c55
_dLúcia Elande
942 _2AGRIS
_n0
_cANA
999 _c111938
_d111938